| 000 | 00436nam a22001697a 4500 | ||
|---|---|---|---|
| 003 | JO-AjAnu | ||
| 005 | 20241020122131.0 | ||
| 008 | 241016b jo ||||| |||| 00| 0 ara d | ||
| 040 | _cJO-AjAnu | ||
| 041 | _aENG | ||
| 100 | 1 |
_aCROOK.LYDIA _966247 _eauther |
|
| 245 | 1 |
_aI CANT DRAW : 60 activities that will teach you how/ _clydia crook |
|
| 260 | _c2020 | ||
| 300 | _aPages : 122 | ||
| 650 | 7 | 0 |
_adrawing _966248 |
| 942 |
_2lcc _cBK _n0 |
||
| 999 |
_c33728 _d33728 |
||